Statistics for Portugal National Football Team Players Quiz

Click here to take the quiz!

General Stats

  • This quiz has been taken 29 times
  • The average score is 7 of 11

Answer Stats

HintPlayers% Correct
Helped Portugal to get 4th place in the World Cup in 2006 in the penalty shootoutCristiano Ronaldo
100%
Signed to Real Madrid from Barcelona for 62 million Euros in 2000Luis Figo
96%
Signed to Real Madrid and was one of the best defendersPepe
96%
Carried Portugal to get 3rd place in the World Cup in 1962Eusebio
88%
Signed to Manchester United from Sporting Lisbon in January 2020Bruno Fernandes
83%
Signed to Barcelona from Atlético Madrid in September 2023Joao Felix
75%
Helped Portugal win their first trophy in 2016Eder
67%
The goalkeeper that played in the final of Euro 2016Rui Patricio
58%
Helped Portugal in the final of 2000 UEFA European Under-16 ChampionshipQuaresma
38%
Helped Portugal win their second trophy in 2019Goncalo Guedes
29%
Helped Portugal in the final of 2003 UEFA European Under-17 ChampionshipMarcio Sousa
8%

Score Distribution

Percentile by Number Answered

Percent of People with Each Score

Your Score History

You have not taken this quiz